| 000 | 00574nam a22001457a 4500 | ||
|---|---|---|---|
| 082 | _a200 | ||
| 100 | _aUllah, Shaheed | ||
| 245 |
_aThe Combine Usage of Bloated Slate, Stone Dust and Plastic Waste for the Production of Structural and Non-structural Lightweight Concrete / _cShaheed Ullah |
||
| 260 |
_aIslamabad : _bMCE - NUST, _c2017. |
||
| 300 | _a81 p. ; | ||
| 700 |
_aSupervisor: Lt Col Dr Muhammad Maqbool Sadiq _9127088 |
||
| 856 | _u http://10.250.8.41:8080/xmlui/handle/123456789/11830 | ||
| 942 |
_2ddc _cSC |
||
| 999 |
_c536182 _d536182 |
||